| 000 | 00772nam a22001817a 4500 | ||
|---|---|---|---|
| 999 |
_c14918 _d14918 |
||
| 003 | OSt | ||
| 082 | _2631.3 MAD/DE | ||
| 088 | _a362 | ||
| 100 |
_aMADHUKUMARA D.M _93985 |
||
| 245 | _aDesign, development and testing of a tractor drawn semi-automatic rhizome planter for ginger and turmeric | ||
| 260 |
_aTavanur 2017 _bDEPARTMENT OF FARM POWER MACHINERY AND ENERGY |
||
| 300 | _a130 | ||
| 500 | _aDesign, development and testing of a tractor drawn semi-automatic rhizome planter for ginger and turmeric | ||
| 520 | _aDesign, development and testing of a tractor drawn semi-automatic rhizome planter for ginger and turmeric | ||
| 700 |
_aDr. Manoj Mathew (Guide) _93986 |
||
| 856 | _uhttps://drive.google.com/open?id=1xQ-3jJ5VuPLQloSLU9qexbIPjFXD_u6Q | ||
| 942 | _cTH | ||